| 000 | 02662cam a22003974i 4500 | ||
|---|---|---|---|
| 003 | PE-LiUPU | ||
| 005 | 20250925092600.0 | ||
| 008 | 202301s2023 sp a rb 000 0 spa d | ||
| 020 | _a9788436829907 | ||
| 035 | _aPE-LiUPU000028 | ||
| 040 |
_aPE-LiUPU _bspa _cPE-LiUPU _erda |
||
| 082 | 0 | 4 |
_a616.994065 _bC957m _223 |
| 100 |
_aCruzado Rodríguez, Juan Antonio, _ecoordinador. _96975 |
||
| 245 | 1 | 0 |
_aManual de psicooncología : _btratamientos psicológicos en pacientes con cáncer / _cpor Juan Antonio Cruzado Rodríguez. |
| 264 | 1 |
_aMadrid : _bEdiciones Pirámide, _c2023. |
|
| 300 |
_a358 páginas : _bilustraciones ; _c24 cm |
||
| 336 |
_atext _2rdacontent |
||
| 337 |
_aunmediated _2rdamedia |
||
| 338 |
_avolume _2rdacarrier |
||
| 490 | 1 | _aColección Psicología | |
| 504 | _aIncluye bibliografía al final de cada capítulo. | ||
| 505 | 0 | _aEvaluación psicológica en pacientes con cáncer -- La comunicación y counselling en psicooncología: el encuentro con el paciente oncológico -- Intervención psicoeducativa con pacientes con cáncer -- Técnicas de relajación -- Terapia de exposición -- El uso de la hipnosis en el paciente oncológico -- Terapias cognitivo-conductuales -- Entrenamiento en inoculación de estrés -- Terapia narrativa basada en atención plena para la depresión en oncología -- Mindfulness en el campo de la oncología -- Terapia de aceptación y compromiso (ACT) aplicada a pacientes con cáncer -- Sexualidad y cáncer psicooncológico-- Intervención para mejorar la intimidad en pacientes con cáncer y sus parejas -- Terapia grupal en oncología -- Tratamiento del duelo. | |
| 520 | _aManual integral sobre el abordaje psicológico de pacientes con cáncer. Presenta herramientas para la evaluación, diagnóstico y tratamiento desde múltiples enfoques: cognitivo-conductual, humanista, mindfulness, ACT e intervención familiar. Incluye estudios de caso y protocolos prácticos para profesionales de la salud mental. | ||
| 650 | 1 | 4 |
_aPsicooncología. _95615 |
| 650 | 2 | 4 |
_aCáncer _xPsicoterapia. _96976 |
| 650 | 2 | 4 |
_aPsicología de la salud. _95625 |
| 650 | 2 | 4 |
_aPacientes con cáncer _xAtención psicológica. _96970 |
| 700 |
_aBarreto Martín, Pilar, _econtribuyente. _96977 |
||
| 700 |
_aMyers, Shannon, _econtribuyente. _96978 |
||
| 700 |
_aBayón Pérez, Carmen, _econtribuyente. _96979 |
||
| 700 |
_aRodríguez-Vega, Beatriz, _econtribuyente. _96980 |
||
| 710 |
_aEdiciones Pirámide, _eeditor. _95457 |
||
| 856 | 4 | 0 |
_uhttps://www.edicionespiramide.es _zSitio web de la editorial. |
| 942 |
_2ddc _cBK |
||
| 980 |
_621515 _aROMINA COBOS Adquisiciones _818226 _gJaime Vilcazán Jefe de Análisis Documental |
||
| 999 |
_c63071 _d63070 |
||